• 首页
  • 本馆介绍
  • 公告通知
  • 最新文献
  • 馆藏检索
  • 电子资源
  • 读者导购
  • 参考咨询
  • 我的图书馆
  • 登录
  • 详细信息显示
  • 放入我的书架
  • 预约/预借图书
  • 作者相关作品
  • 分类相关作品
  • 丛书相关作品
  • 出版社相关作品

书目信息

  • 表格格式
  • 工作单格式
  • 卡片格式
题名:
非织造布技术概论
    
 
作者: 马建伟 , 陈韶娟 主编
分册:  
出版信息: 北京   中国纺织出版社  2021.1
页数: 192页
开本: 26cm
丛书名:
单 册:
中图分类: TS17
科图分类:
主题词: 非织造织物--高等教育--教材 , 非织造织物
电子资源:
ISBN: 978-7-5064-4999-1
000 00956nam0 2200289 45
001 012001001684
005 20211013150217.97
010    @a978-7-5064-4999-1@dCNY30.00
100    @a20080928d2008 em y0chiy50 ea
101 0  @achi
102    @aCN@b110000
105    @aa z 000yy
106    @ar
200 1  @a非织造布技术概论@Afei zhi zao bu ji shu gai lun@b专著@f马建伟,陈韶娟主编
205    @a2版
210    @a北京@c中国纺织出版社@d2021.1
215    @a192页@c图@d26cm@e1光盘
300    @a纺织高等教育“十一五”部委级规划教材
307    @a附光盘:ISBN 978-7-900208-81-1
330    @a本书介绍了非织造布生产的基本原理和方法,内容包括非织造布工艺与设备、纤维原料、粘合剂、产品开发和应用、性能测试等。
606 0  @a非织造织物@x高等教育@j教材
606 0  @a非织造织物
690    @aTS17@v4
701  0 @a马建伟@Ama jian wei@4主编
701  0 @a陈韶娟@Achen shao juan@4主编
801  0 @aCN@bBJSDL@c20211011
905    @b1336811-4@dTS17@e18=2@f4
    
    非织造布技术概论/马建伟,陈韶娟主编.-2版.-北京:中国纺织出版社,2021.1
    192页:图;26cm+1光盘
    纺织高等教育“十一五”部委级规划教材
    
    ISBN 978-7-5064-4999-1:CNY30.00
    本书介绍了非织造布生产的基本原理和方法,内容包括非织造布工艺与设备、纤维原料、粘合剂、产品开发和应用、性能测试等。
●
相关链接 在E读中查询图书 在五车中查询图书 在当当中查询图书 在豆瓣中查询图书


正题名:非织造布技术概论     索取号:TS17/18=2         预约/预借

序号 登录号 条形码 馆藏地/架位号 状态 备注
1 1336811   213368112   第二样本阅览室/ [索取号:TS17/18=2] 在馆    
2 1336812   213368121   第三借阅区/ [索取号:TS17/18=2] 在馆    
3 1336813   213368130   第三借阅区/ [索取号:TS17/18=2] 在馆    
4 1336814   213368149   第三借阅区/ [索取号:TS17/18=2] 在馆    
唐山师范学院图书馆 欢迎您!
大连网信软件有限公司© 版权所有